Normal view
MARC view
- Aberle J.T
Entry Personal Name
001 - CONTROL NUMBER
- control field: 123763
003 - CONTROL NUMBER IDENTIFIER
- control field: OSt
005 - DATE AND TIME OF LATEST TRANSACTION
- control field: 20230313121544.0
008 - FIXED-LENGTH DATA ELEMENTS
- fixed length control field: 230313|| aca||aabn | a|a d
040 ## - CATALOGING SOURCE
- Original cataloging agency: OSt
- Transcribing agency: OSt
100 ## - HEADING--PERSONAL NAME
- Personal name: Aberle J.T
670 ## - SOURCE DATA FOUND
- Source citation: Work cat.: (OSt)101295: Aberle J.T., Antennas With Non Faster Matching Networks